Face-to-face diplomacy: social neuroscience and international relations (Record no. 43054)

MARC details
000 -LEADER
fixed length control field 00650nam a2200157 a 4500
008 - FIXED-LENGTH DATA ELEMENTS--GENERAL INFORMATION
fixed length control field 200804s2018 ||||||||||||||||| || u
020 ## - INTERNATIONAL STANDARD BOOK NUMBER
International Standard Book Number 9781108417075
050 ## - LIBRARY OF CONGRESS CALL NUMBER
Classification number JZ 1405 Hol
100 ## - MAIN ENTRY--PERSONAL NAME
Personal name Holmes,Marcus
245 10 - TITLE STATEMENT
Title Face-to-face diplomacy: social neuroscience and international relations
Statement of responsibility, etc. By Marcus Holmes
260 ## - PUBLICATION, DISTRIBUTION, ETC.
Place of publication, distribution, etc. Cambridge
Name of publisher, distributor, etc. Cambridge University Press
Date of publication, distribution, etc. 2018
300 ## - PHYSICAL DESCRIPTION
Extent xii, 303 pages
350 ## - PRICE (NR) (BK AM CF MU VM SE) [OBSOLETE]
Price 94.62
650 ## - SUBJECT ADDED ENTRY--TOPICAL TERM
Topical term or geographic name entry element INTERNATIONAL RELATIONS-- PSYCHOLOGICAL ASPECTS
995 ## - RECOMMENDATION 995 [LOCAL, UNIMARC FRANCE]
-- CBU-MAIN LIBRARY (Kitwe)
-- 94.62
-- 1
-- AVAILABLE
-- Aug 12, 2020
-- Main Library Open Access Collection
Holdings
Withdrawn status Lost status Source of classification or shelving scheme Damaged status Not for loan Home library Current library Shelving location Date acquired Total Checkouts Full call number Barcode Date last seen Price effective from Koha item type
          CBU-MAIN LIBRARY, KITWE. CBU-MAIN LIBRARY, KITWE.   11/30/2022   JZ 1405 Hol 750486 11/30/2022 11/30/2022 MONOGRAPH